QC circle activities
Đã lưu trong:
| 主要作者: | |
|---|---|
| 格式: | 圖書 |
| 語言: | Undetermined |
| 出版: |
Washington
Union of Japanese Scientists and Engineers
1968
|
| 主題: | |
| 標簽: |
添加標簽
沒有標簽, 成為第一個標記此記錄!
|
| Thư viện lưu trữ: | Trung tâm Học liệu Trường Đại học Cần Thơ |
|---|
| LEADER | 00488nam a2200181Ia 4500 | ||
|---|---|---|---|
| 001 | CTU_98589 | ||
| 008 | 210402s9999 xx 000 0 und d | ||
| 082 | |a 658.56 | ||
| 082 | |b I.79 | ||
| 100 | |a Kaoru, Ishikawa | ||
| 245 | 0 | |a QC circle activities | |
| 245 | 0 | |c Kaoru Ishikawa | |
| 260 | |a Washington | ||
| 260 | |b Union of Japanese Scientists and Engineers | ||
| 260 | |c 1968 | ||
| 650 | |a Quality control | ||
| 904 | |i Truc | ||
| 980 | |a Trung tâm Học liệu Trường Đại học Cần Thơ | ||